000 01180nam a2200301Ia 4500
001 ebr10053306
003 CaPaEBR
006 m u
007 cr cn|||||||||
008 040626s2002 maua gsb 001 0 eng d
020 _z0306475766
040 _aCaPaEBR
_cCaPaEBR
035 _a(OCoLC)70721845
050 1 4 _aTK8360.O67
_bS28 2002eb
100 1 _aSavoj, Jafar,
_d1974-
245 1 0 _aHigh-speed CMOS circuits for optical receivers
_h[electronic resource] /
_cJafar Savoj, Behzad Razavi.
260 _aBoston :
_bKluwer Academic,
_cc2002.
300 _axiv, 124 p. :
_bill.
504 _aIncludes bibliographical references and index.
533 _aElectronic reproduction.
_bPalo Alto, Calif. :
_cebrary,
_d2009.
_nAvailable via World Wide Web.
_nAccess may be limited to ebrary affiliated libraries.
650 0 _aOptical detectors.
650 0 _aMetal oxide semiconductors, Complementary.
650 0 _aIntegrated circuits.
655 7 _aElectronic books.
_2local
700 1 _aRazavi, Behzad.
710 2 _aebrary, Inc.
856 4 0 _uhttp://site.ebrary.com/lib/rucke/Doc?id=10053306
_zAn electronic book accessible through the World Wide Web; click to view
999 _c66191
_d66191